|
|
|
|
| LEADER |
00757cam a2200229 7i4500 |
| 001 |
0000036038 |
| 005 |
20200615090000.0 |
| 008 |
110322 eng |
| 020 |
|
|
|a 9780135041949
|
| 020 |
|
|
|a 0135041945
|
| 090 |
0 |
0 |
|a TH9145
|b .R73 2010
|
| 100 |
1 |
|
|a Robertson, James C
|
| 245 |
1 |
0 |
|a Introduction to fire prevention
|c James C. Robertson.
|
| 250 |
|
|
|a 7th ed.
|
| 260 |
|
|
|a Upper Saddle River, N.J.:
|b Brady/Pearson,
|c 2010.
|
| 300 |
|
|
|a xxii, 287 p.:
|b col. ill.;
|c 27 cm.
|
| 490 |
0 |
|
|a Brady fire
|
| 504 |
|
|
|a Includes bibliographical references and index
|
| 650 |
0 |
0 |
|a Fire prevention
|
| 997 |
|
|
|a Health Sciences, Faculty
|
| 998 |
|
|
|a Occupational Safety & Health, Degree
|
| 999 |
|
|
|a 0000046917
|b BOK
|c OPEN SHELF
|e 1st Floor, Shah Alam
|